Agenda 2030 para el Desarrollo Sostenible y sistemas alimentarios sostenibles: una propuesta para la formulación de políticas integradoras (Record no. 172220)
[ view plain ]
| 000 -LEADER | |
|---|---|
| fixed length control field | 00669nam a2200145Ia 4500 |
| 008 - FIXED-LENGTH DATA ELEMENTS--GENERAL INFORMATION | |
| fixed length control field | 230503t2017||||xx |||||||||||||| ||spa|| |
| 110 ## - MAIN ENTRY--CORPORATE NAME | |
| Corporate name or jurisdiction name as entry element | Comisión económica para America y el Caribe |
| 245 #0 - TITLE STATEMENT | |
| Title | Agenda 2030 para el Desarrollo Sostenible y sistemas alimentarios sostenibles: una propuesta para la formulación de políticas integradoras |
| 260 ## - PUBLICATION, DISTRIBUTION, ETC. (IMPRINT) | |
| Place of publication, distribution, etc | Santiago de Chile |
| Name of publisher, distributor, etc | CEPAL |
| Date of publication, distribution, etc | 2017 |
| 260 ## - PUBLICATION, DISTRIBUTION, ETC. (IMPRINT) | |
| Date of publication, distribution, etc | 2017 |
| 300 ## - PHYSICAL DESCRIPTION | |
| Extent | 95 páginas |
| 490 ## - SERIES STATEMENT | |
| Series statement | Serie Desarrollo Productivo |
| 500 ## - GENERAL NOTE | |
| General note | (APOST-39) |
| 856 ## - ELECTRONIC LOCATION AND ACCESS | |
| Uniform Resource Identifier | <a href="https://www.cepal.org/es/publicaciones/42356-agenda-2030-desarrollo-sostenible-sistemas-alimentarios-sostenibles-propuesta-la">https://www.cepal.org/es/publicaciones/42356-agenda-2030-desarrollo-sostenible-sistemas-alimentarios-sostenibles-propuesta-la</a> |
| Link text | Click para acceder al recurso |
No items available.